000 00845nam a2200253Ia 4500
003 OSt
005 20220923215011.0
006 a|||||r|||| 00| 0
007 ta
008 220922b |||||||| |||| 00| 0 hin d
024 _a174,714
037 _cTextual
040 _aARTS
_cARTS
_bhin
041 _2hin
_ahin
082 _aO152:g, L3
100 _aवर्मा, भगवान दास
245 0 _aसाहित्य शास्त्र
_b प्रश्न और समाधान
246 _aSāhitya shāstra: prashna aur samādhāna
260 _aकानपुर
_b ग्रंथम
_c1973
300 _a161 पृ.
_ccm.
650 _aहिन्दी साहित्य
_9156264
942 _hO152:g, L3
_cTEXL
_2CC
999 _c328418
_d328418